Normal view
MARC view
- Zhang, Hua.
Entry Personal Name
001 - CONTROL NUMBER
- control field: 53962
003 - CONTROL NUMBER IDENTIFIER
- control field: OSt
005 - DATE AND TIME OF LATEST TRANSACTION
- control field: 20240301144504.0
008 - FIXED-LENGTH DATA ELEMENTS
- fixed length control field: 240301|| aca||aabn | a|a d
040 ## - CATALOGING SOURCE
- Original cataloging agency: OSt
- Transcribing agency: OSt
100 ## - HEADING--PERSONAL NAME
- Personal name: Zhang, Hua.
- Relator term: author.
670 ## - SOURCE DATA FOUND
- Source citation: Work cat.: (OSt): Dongye, Zhonghao. author. 53959, A π-type compensated ferrite-free domino IPT system for DC circuit breakers /, June 2022.
